00385pab a2200145 454500008004000000100001800040245005600058260000900114300001300123362000800136650003100144650003400175650001400209773001600223180718b2005 xxu||||| |||| 00| 0 eng d aSubudhi, S.C. aEnhancement of education in Garo hills of Meghalaya c2005 ap.43-46. aAug aTribes - India - Meghalaya aEducation - India - Meghalaya aEducation aKurukshetra